| 000 | 00609nam a22001817a 4500 | ||
|---|---|---|---|
| 003 | UA-OsUOA | ||
| 001 | 19888 | ||
| 007 | ta | ||
| 008 | 20041004b un ||||| |||| 00| 0 ukr d | ||
| 100 | _aСолдатюк М. | ||
| 942 | _cSA | ||
| 040 |
_aUA-OsUOA _cUA-OsUOA _dUA-OsUOA |
||
| 245 |
_aІсторія Мирогощанського коледжу _b[До 75-річчя Мирогощанського аграр. коледжу Дубен. р-ну] |
||
| 300 | _aС.6 | ||
| 955 | _a0 | ||
| 773 | 0 |
_w0 _tВісник Дубенщини _dДубно _d2004 _g№77/78/23 верес./ |
|
| 650 | 7 |
_aІсторія _2UDC |
|
| 999 |
_c306061 _d306061 |
||